Online Catalogue and eLibrary

Women and politics in Sri Lanka : (Record no. 547)

MARC details
000 -LEADER
fixed length control field 00597cam a2200205 a 4500
001 - CONTROL NUMBER
control field 11991757
005 - DATE AND TIME OF LATEST TRANSACTION
control field 20240306040653.0
008 - FIXED-LENGTH DATA ELEMENTS--GENERAL INFORMATION
fixed length control field 000302s1999 ce b 001 0 eng
020 ## - INTERNATIONAL STANDARD BOOK NUMBER
ISBN 955580043X
040 ## - CATALOGING SOURCE (பட்டியலாக்க மூலம்)
Original cataloging agency DLC
Transcribing agency DLC
Modifying agency DLC
082 ## - DDC Classification
DDC Edition Number 22
Class No. 323.334
Item Number - Author Mark WOM.
245 00 - TITLE STATEMENT
Title Women and politics in Sri Lanka :
Remainder of title a comparative perspective /
Statement of responsibility, etc. edited by Sirima Kiribamune.
250 ## - EDITION STATEMENT
Edition statement 1st.
260 ## - PUBLICATION, DISTRIBUTION, ETC.
Place of publication, distribution, etc. Kandy :
Name of publisher, distributor, etc. International Centre for Ethnic Studies,
Date of publication, distribution, etc. 1999.
300 ## - PHYSICAL DESCRIPTION
Extent (e.g. Volumes, Pages etc.) viii, 287 p. ;
650 #0 - SUBJECT ADDED ENTRY--TOPICAL TERM
Topical term or geographic name entry element Women
650 #0 - SUBJECT ADDED ENTRY--TOPICAL TERM
Topical term or geographic name entry element Women in development
700 1# - ADDED ENTRY--PERSONAL NAME
Personal name Kiribamune, Sirima.
Relator term (Role) Editor
942 ## - Koha item type (Biblio)
Koha item type Books in Stacks (Lending)
Holdings
Lost status Damaged status Collection code Home library Current library Date acquired Full call number Accession Number Item type
    Lending WERC Library WERC Library 03/06/2024 323.334 WOM. 4116 Books in Stacks (Lending)

© WERC Library